|
|
|
|
| LEADER |
01331nam a22003612a 4500 |
| 001 |
000950360 |
| 003 |
CZ BrMZK |
| 005 |
20190409130213.0 |
| 007 |
ta |
| 008 |
090626s1978 xo a gr|||||||||f|hun d |
| 040 |
|
|
|a BOA001
|b cze
|
| 041 |
1 |
|
|a hun
|h cze
|
| 045 |
|
|
|a x1x1
|
| 072 |
|
7 |
|a 821.162.3-3
|x Česká próza
|2 Konspekt
|9 25
|
| 080 |
|
|
|a 821.162.3-31
|2 MRF
|
| 080 |
|
|
|a 94(100)"1914/1918"
|2 MRF
|
| 080 |
|
|
|a (0:82-311.5)
|2 MRF
|
| 100 |
1 |
|
|a Hašek, Jaroslav,
|d 1883-1923
|7 jk01040097
|4 aut
|
| 245 |
1 |
0 |
|a Švejk :
|b egy derék katona kalandjai a világháborúban /
|c Jaroslav Hašek ; fordította Réz Adam ; ilusztr. Josef Lada
|
| 250 |
|
|
|a 5. (magyar nüuelv) kiad.
|
| 260 |
|
|
|a Bratislava :
|b Madách,
|c 1978
|
| 300 |
|
|
|a 837 s. :
|b il.
|
| 648 |
|
7 |
|a 1914-1918
|7 ch460644
|2 czenas
|
| 650 |
0 |
7 |
|a první světová válka (1914-1918)
|7 ph126327
|2 czenas
|
| 655 |
|
7 |
|a české romány
|7 fd133974
|2 czenas
|
| 655 |
|
7 |
|a humoristické romány
|7 fd132431
|2 czenas
|
| 700 |
1 |
|
|a Lada, Josef,
|d 1887-1957
|7 jk01071364
|4 ill
|
| 700 |
1 |
|
|a Réz, Ádám,
|d 1926-1978
|7 mzk2009535200
|4 trl
|
| 765 |
0 |
|
|t Osudy dobrého vojáka Švejka za světové války
|9 Maďarsky
|
| 910 |
|
|
|a BOA001
|b 1-0668.976-78
|
| 990 |
|
|
|a BK
|
| 991 |
|
|
|b 200906
|
| 996 |
7 |
|
|b 2619512454
|c 1-0668.976-78
|l MZK
|r Sklad / do 1 hodiny
|n 0
|w 001082366
|u 000010
|a 1
|e BOA001
|j MZK50
|s A
|